Provinces of Manchukuo in 1932 - Statistics

General Stats
  • This quiz has been taken 16 times
  • The average score is 4 of 7
Answer Stats
Province/Municipality % Correct
Jilin
79%
Longjiang
79%
Fengtian
64%
Harbin
64%
Xinjing
36%
Rehe
14%
Xing'an
14%
No matching quizzes found
Score Distribution
Percent of People with Each Score
Percentile by Number Answered
Your Score History
You have not taken this quiz